Political organization
Uloženo v:
| Hlavní autor: | |
|---|---|
| Médium: | Kniha |
| Jazyk: | angličtina |
| Vydáno: |
Nueva York
The Free
1962
|
| Vydání: | 2a. ed |
| Témata: | |
| Tagy: |
Přidat tag
Žádné tagy, Buďte první, kdo vytvoří štítek k tomuto záznamu!
|
MARC
| LEADER | 00000nam a2200000 a 4500 | ||
|---|---|---|---|
| 001 | UCT6383 | ||
| 003 | CL-VaPUC | ||
| 008 | 970106e19620000US |||||||||||||||||eng|d | ||
| 082 | 0 | 4 | |a 320.011 |b DEG |2 21 |
| 100 | |a De Grazia, Alfred |e author |9 376524 | ||
| 245 | 1 | 0 | |a Political organization |
| 250 | |a 2a. ed | ||
| 300 | |a 2 v | ||
| 942 | |c BK | ||
| 945 | |d 19970106 00:00:00 |a lriquelm | ||
| 260 | |a Nueva York |b The Free |c 1962 | ||
| 500 | |a v.2: The elemnets of political science | ||
| 650 | 0 | |a Ciencias Políticas |9 255201 | |
| 650 | 0 | |a Estado |9 255503 | |
| 650 | 0 | |a Autoridad |9 257105 | |
| 650 | 7 | |a LEGISLADORES |2 CL-VaPUC |9 257664 | |
| 650 | 0 | |a Administración pública |9 255343 | |
| 650 | 0 | |a Tribunales |9 254872 | |
| 650 | 0 | |a Poder ejecutivo |9 255177 | |
| 650 | 7 | |a JEFE DE ESTADO |2 CL-VaPUC |9 368237 | |
| 650 | 0 | |a Leyes |9 256670 | |
| 650 | 0 | |a Federalismo |9 313886 | |
| 650 | 0 | |a Organizaciones internacionales |9 329196 | |
| 583 | |a last modification |c 19970106 00:00:00 |k Rodrigo Vera | ||
| 999 | |c 255094 |d 255092 | ||
| 952 | |0 0 |1 0 |4 0 |6 320_011000000000000_DEG_1962 |7 0 |8 A |9 277175 |a BIBDER |b BIBDER |d 2019-11-19 |h v.2 |i 1802011 |o 320.011 DEG 1962 |p 1802011 |r 2023-01-25 |w 2019-11-19 |y BK |k DER | ||